000 00425nam a22001697a 4500
003 NUST - PNEC
005 20170116180907.0
008 150902b xxu||||| |||| 00| 0 eng d
020 _a-
040 _cLIBRARY
082 _a620 ING
100 _96768
_aIngham, William R.
245 _aEngineering : advanced test
_cWilliam R. Ingham
260 _cc.1967
650 _96772
_aMechanical engineering
_xME
942 _2ddc
_cBK
999 _c65145
_d65145